|
|
|
|
| LEADER |
00000nab a2200000 4500 |
| 001 |
vtls011877771 |
| 003 |
SK-MaSNL |
| 005 |
20260305034552.0 |
| 008 |
190718|2019 xo f||| || ||00 0|slo |
| 040 |
|
|
|a slo
|b AGK
|c AGK
|e rda
|
| 041 |
|
|
|a slo
|
| 043 |
|
|
|a e-xo---
|
| 044 |
|
|
|a xo
|c SK
|
| 072 |
|
7 |
|a 027
|x Univerzálne knižnice. Verejné knižnice
|2 konspekt
|
| 080 |
|
|
|a 027.4/.5
|2 2011
|
| 100 |
1 |
|
|a Horváthová, Ľudmila
|4 aut
|9 458795
|
| 245 |
1 |
0 |
|a Abrahámska Noc literatúry
|c Ľudmila Horváthová
|
| 300 |
|
|
|b Fotografia
|
| 336 |
|
|
|a text
|b txt
|2 rdacontent
|
| 337 |
|
|
|a bez média
|b n
|2 rdamedia
|
| 338 |
|
|
|a zväzok
|b nc
|2 rdacarrier
|
| 610 |
2 |
7 |
|a Obecná knižnica (Abrahám, Slovensko)
|2 agk
|9 158534
|
| 610 |
2 |
7 |
|a Noc literatúry
|d (2019 :
|d Abrahám, Slovensko)
|2 agk
|9 1616189
|
| 648 |
|
7 |
|a 2019
|2 agk
|9 350886
|
| 650 |
0 |
7 |
|a 15.5.2019
|2 agk
|9 1616190
|
| 651 |
|
7 |
|a Abrahám (Slovensko)
|2 SNKPHgeo
|9 133353
|
| 651 |
|
7 |
|a Galanta (Slovensko : okres)
|2 SNKPHgeo
|9 15964
|
| 773 |
0 |
|
|t Knihovnícky obzor
|g Roč. 36, č. 1 (2019), s. 15
|
| 856 |
4 |
1 |
|u www.galantskakniznica.sk
|
| 958 |
|
|
|a SK
|
| 999 |
|
|
|c 3329939
|d 3331869
|